000 00309nam a2200133 4500
008 190522s2008||||xo d
100 1 _aGaulden Albert
_91129
245 1 0 _aZnamení a zázraky
250 _a1.vydanie
260 _bArimes
_aBratislava
_c2008
020 _c0
041 1 _aslo
044 _axo
_cSK
999 _c22430
_d22430